| 000 | 00314nam a2200133 i 4500 | ||
|---|---|---|---|
| 001 | bg | ||
| 100 | 1 | _aSOKOLOV, W. P. | |
| 245 | 0 |
_aVvedenie w teoriju mnogomernych matric / _cW.P. Sokolow. |
|
| 260 |
_aKiew, _c1972. |
||
| 040 | _cBPK | ||
| 041 | _apol | ||
| 942 | _cKS | ||
| 008 | s pl f |000 0 pol | ||
| 999 |
_c14505 _d14505 |
||
| 856 |
_uhttp://koha.tu.koszalin.pl/cgi-bin/koha/opac-detail.pl?biblionumber=14505 _yKatalog online BPK |
||